|
|
|
|
| LEADER |
01128nam a2200313 a 4500 |
| 001 |
7566 |
| 003 |
BD-DhAAL |
| 008 |
150817r2003 mauab 000 0 eng d |
| 010 |
|
|
|a 2002066495
|
| 020 |
|
|
|a 9788177584868
|
| 020 |
|
|
|a 817808791x
|
| 020 |
|
|
|a 0201770512 (US)
|
| 020 |
|
|
|a 0273655493 (UK)
|
| 040 |
|
|
|a DLC
|c DLC
|d DLC
|d BD-DhAAL
|
| 082 |
0 |
0 |
|a 338.9/009172/4
|2 21
|
| 100 |
1 |
|
|a Todaro, Michael P.
|9 13890
|
| 245 |
1 |
0 |
|a Economic development /
|c Michael P. Todaro, Stephen C. Smith.
|
| 250 |
|
|
|a 8th ed.
|
| 260 |
|
|
|a Boston ;
|a New Delhi :
|b Pearson Educaton Asia,
|c c2003.[reprinted]
|
| 300 |
|
|
|a 863 p. :
|b ill., maps ;
|c 24 cm.
|
| 490 |
0 |
|
|a The Addison-Wesley series in economics
|
| 504 |
|
|
|a Includes bibliographical references and indexes.
|
| 541 |
1 |
|
|e 7566
|
| 650 |
|
0 |
|a Economic development.
|9 13891
|
| 651 |
|
0 |
|a Developing countries
|x Economic policy.
|9 13892
|
| 700 |
1 |
|
|a Smith, Stephen C.,
|d 1955-
|9 13893
|
| 942 |
|
|
|2 ddc
|c BK
|
| 999 |
|
|
|c 35267
|d 35267
|
| 952 |
|
|
|0 0
|1 0
|2 ddc
|4 0
|6 338_900917240000000_TOD
|7 0
|9 55323
|a SCL
|b SCL
|c GEN
|d 2015-08-17
|g 860.00
|l 0
|o 338.90091724 TOD
|p 3020007566
|r 2015-08-17
|t 1
|w 2015-08-17
|y BK
|